[Event "15th LCC Super Rapid 2025"]
[Site "London ENG"]
[Date "2025.12.06"]
[Round "1.56"]
[White "Dhingra, Kanvansh"]
[Black "Manmay Chopra"]
[Result "0-1"]
[BlackTitle "CM"]
[WhiteElo "1771"]
[BlackElo "2142"]
[WhiteFideId "33401500"]
[BlackFideId "25649191"]
[EventDate "2025.12.06"]

1. e4 Nc6 2. Nf3 d6 3. d4 Nf6 4. Nc3 g6 5. h3 Bg7 6. Be3 O-O 7. Qd2 e5 8. dxe5
Nxe5 9. Nxe5 dxe5 10. O-O-O Qxd2+ 11. Rxd2 Be6 12. Be2 c6 13. a3 Nd7 14. Rhd1
Nb6 15. b3 f5 16. f3 Rae8 17. Kb2 Bf6 18. a4 Nc8 19. Bc5 Rf7 20. Be3 f4 21. Bf2
g5 22. Nb1 h5 23. Na3 g4 24. hxg4 hxg4 25. Nc4 g3 26. Bc5 b6 27. Ba3 c5 28. Nd6
Nxd6 29. Rxd6 Kg7 30. Kb1 Rc7 31. Bb5 Ree7 32. Rd8 Rc8 33. Rxc8 Bxc8 34. Bc4 Re8
35. Rh1 Rd8 36. Bd5 Bd7 37. c4 Rh8 38. Rg1 Rh2 39. Kc1 Be7 40. Bb2 Kf6 41. Bb7
Bd6 42. Bc3 Ke7 43. Ba6 Bc7 44. Kb1 Bc6 45. Kc1 Bd6 46. Kd1 Bd7 47. Kc1 Be6 48.
Kb1 Kd7 49. a5 Kc7 50. axb6+ axb6 51. Kc1 Bd7 52. Bb5 Be6 53. Kb1 Kd8 54. Kc1
Ke7 55. Kd1 Kf6 56. Kc1 Bc7 57. Bd2 Kg5 58. Bc3 Kh4 59. Kd1 Kg5 60. Kc1 Rh8 61.
Kc2 Kf6 62. Bc6 Bd6 63. Kb2 Ke7 64. Bb5 Bd7 65. Bxd7 Kxd7 66. Rd1 Kc6 67. Ra1
Rh2 68. Rg1 b5 69. Kc2 Bc7 70. Kb2 Kb6 71. Kc2 Kc6 72. Kb2 Rh8 73. Ra1 Kb7 74.
Kc2 Rh7 75. Rb1 Ka6 76. Ra1+ Kb7 77. Rb1 Kc6 78. Rd1 Rh8 79. Ra1 Rh2 80. Rg1 Bd6
81. Kd3 b4 82. Bb2 Kd7 83. Ke2 Ke6 84. Kd3 Kf6 85. Ke2 Kg5 86. Kd3 Kh4 87. Ke2
Bc7 88. Ba1 Kg5 89. Bb2 Bb8 90. Kd3 Bc7 91. Ke2 Rh8 92. Ra1 Bd6 93. Kf1 Rh1+ 94.
Ke2 Rh2 95. Kf1 Kf6 96. Kg1 Rh7 97. Rd1 Ke6 98. Rc1 Kd7 99. Ra1 Rh6 100. Ra7+
Kc6 101. Ra6+ Kb7 102. Ra1 Bc7 103. Rd1 Rh8 104. Kf1 Ra8 105. Ra1 Rd8 106. Ke2
Rd7 107. Rd1 Rh7 108. Rf1 Kc6 109. Ra1 Kb7 110. Rd1 Rh2 111. Rg1 Kc6 112. Kf1
Rh8 113. Ke2 Bd6 114. Ra1 Kb6 115. Kf1 Bc7 116. Ke2 Rh7 117. Rd1 Rh2 118. Rg1
Kc6 119. Kd3 Kd7 120. Ke2 Ke6 121. Kd3 Kf6 122. Ke2 Kg5 123. Kd3 Kh4 124. Ke2
Bb8 125. Ba1 Bc7 126. Bb2 Bd6 127. Ba1 Kg5 128. Bb2 Be7 129. Bxe5 Bf6 130. Bxf6+
Kxf6 131. Kd3 Ke5 132. Ke2 Kd4 133. Kd2 Ke5 134. Ke2 Kd4 135. Kd2 Rh7 136. Rc1
Rh8 137. Ra1 Rh2 138. Rg1 Ke5 139. Ke2 Ke6 140. Kd3 Rh7 141. Ra1 Rh8 142. Ke2
Kd6 143. Kd3 Rd8 144. Ke2 Ke5 145. Ra2 Rh8 146. Ra1 Kd4 147. Kd2 Rh7 148. Rb1
Ra7 149. Rb2 Ra1 150. Rc2 Rg1 151. Rc1 Rxg2+ 152. Ke1 Rg1+ 0-1

[Event "15th LCC Super Rapid 2025"]
[Site "London ENG"]
[Date "2025.12.06"]
[Round "1.57"]
[White "Stephan, Axel"]
[Black "Paulins, Michael"]
[Result "1-0"]
[WhiteElo "2228"]
[BlackElo "1729"]
[WhiteFideId "4632834"]
[BlackFideId "55642608"]
[EventDate "2025.12.06"]

1. e4 c5 2. Nc3 e6 3. g3 d6 4. Bg2 g6 5. Nge2 Bg7 6. d4 cxd4 7. Nxd4 a6 8. a4
Ne7 9. O-O O-O 10. Be3 Nbc6 11. Nb3 Ne5 12. Qe2 Qc7 13. Rad1 Nc4 14. Bc1 Bd7 15.
g4 Rac8 16. Rd3 Rfd8 17. f4 b5 18. axb5 axb5 19. f5 Nc6 20. f6 Bh8 21. Rh3 N6e5
22. g5 b4 23. Nd1 Bb5 24. Nd4 Qc5 25. c3 bxc3 26. bxc3 Na3 27. Qe1 Bxf1 28. Bxf1
Nac4 29. Be2 d5 30. Rh6 dxe4 31. Qh4 Kf8 32. Rxh7 Ke8 33. Rxh8+ Kd7 34. Rxd8+
Rxd8 35. Qxe4 Ke8 36. Bf4 Nd7 37. Kg2 Ndb6 38. Ne3 Nxe3+ 39. Bxe3 Qd5 40. Bf3
Qxe4 41. Bxe4 Nd5 42. Bxd5 Rxd5 43. h4 Ra5 44. Kf3 Ra3 45. Ne2 Kd7 46. Bc5 Ra4
47. Bb4 Ra1 48. Kg2 Ra2 49. Kf2 Ra1 50. h5 1-0

[Event "15th LCC Super Rapid 2025"]
[Site "London ENG"]
[Date "2025.12.06"]
[Round "1.58"]
[White "Boganadham, Ved Sudeep"]
[Black "Gaal, Zsoka"]
[Result "0-1"]
[BlackTitle "IM"]
[WhiteElo "1720"]
[BlackElo "2383"]
[WhiteFideId "343436048"]
[BlackFideId "777765"]
[EventDate "2025.12.06"]

1. e4 e6 2. d4 d5 3. Nd2 c5 4. Ngf3 Nc6 5. Bb5 a6 6. Bxc6+ bxc6 7. O-O Nf6 8. e5
Nd7 9. c3 a5 10. Re1 Be7 11. Nf1 O-O 12. Ng3 cxd4 13. cxd4 c5 14. Be3 Qb6 15.
Qc2 Ba6 16. dxc5 Bxc5 17. Bxc5 Qxc5 18. Qxc5 Nxc5 19. b3 Rfc8 20. Nd4 a4 21.
Rec1 Nd3 22. Rc6 Nxe5 23. Rxc8+ Rxc8 24. bxa4 Rc4 25. Nb3 g6 26. a5 Rc2 27. a4
Nc6 28. h3 Bc4 29. Nc5 Nxa5 30. Rb1 Kg7 31. Rb4 Ba2 32. Rb5 Nc6 33. Nb7 d4 34.
Rc5 d3 35. Ne4 d2 36. Nxd2 Rxd2 37. Rxc6 Bd5 38. Rb6 Rd1+ 39. Kh2 Rf1 40. f3 Rf2
41. Kg3 Ra2 42. Nc5 g5 43. Rb4 f5 44. h4 h6 45. Nd3 Kf6 46. Nb2 Ra3 47. hxg5+
hxg5 48. Kf2 Bb3 49. a5 Bc2 50. Nc4 Ra1 51. Rb2 Bd3 52. Rb4 f4 53. Nb2 Rf1# 0-1

[Event "15th LCC Super Rapid 2025"]
[Site "London ENG"]
[Date "2025.12.06"]
[Round "1.59"]
[White "Maier, Christian"]
[Black "Vaidyanathan, Sathya"]
[Result "1-0"]
[WhiteTitle "IM"]
[WhiteElo "2192"]
[BlackElo "1785"]
[WhiteFideId "4601955"]
[BlackFideId "490539"]
[EventDate "2025.12.06"]

1. e4 e5 2. Nf3 Nc6 3. Bb5 a6 4. Ba4 Nf6 5. d3 d6 6. c3 Bd7 7. O-O g6 8. Re1 Bg7
9. h3 O-O 10. Be3 Qe8 11. Nbd2 Nh5 12. Nf1 Kh8 13. Bb3 f5 14. exf5 gxf5 15. Ng5
f4 16. Bf7 Qe7 17. Qxh5 h6 18. Bxf4 Qf6 19. Be3 Nd8 20. Bb3 a5 21. a4 Be8 22.
Qh4 Bg6 23. Rad1 c6 24. Nf3 Qxh4 25. Nxh4 Bh7 26. Ng3 d5 27. Nf3 Ne6 28. d4 e4
29. Ne5 Bxe5 30. dxe5 1-0

[Event "15th LCC Super Rapid 2025"]
[Site "London ENG"]
[Date "2025.12.06"]
[Round "1.61"]
[White "Golding, Alex"]
[Black "Barbier-Ramaiah, Rohan Theo"]
[Result "1-0"]
[WhiteTitle "IM"]
[WhiteElo "2370"]
[BlackElo "1628"]
[WhiteFideId "427241"]
[BlackFideId "485950"]
[EventDate "2025.12.06"]

1. d4 Nf6 2. c4 g6 3. Nf3 Bg7 4. Nc3 d6 5. Bg5 O-O 6. e4 Nbd7 7. Be2 e5 8. d5 a5
9. Nd2 Nc5 10. O-O Bd7 11. b3 Qc8 12. f3 Ne8 13. Be7 Bh6 14. Bxf8 Be3+ 15. Kh1
Qd8 16. Bxd6 cxd6 17. Qc2 Qh4 18. g3 Qh6 19. Rfd1 Nf6 20. Nf1 Nh5 21. Nxe3 Nxg3+
22. Kg2 Qh3+ 23. Kg1 Nh5 24. Bf1 Qh4 25. Qf2 Qg5+ 26. Kh1 Nf4 27. Rab1 Nh3 28.
Bxh3 Bxh3 29. a3 Qf4 30. b4 axb4 31. axb4 Nd7 32. Ra1 Rc8 33. Nb5 Nf6 34. Ra2
Rd8 35. c5 g5 36. Ng2 Bxg2+ 37. Qxg2 g4 38. Nxd6 Kf8 39. fxg4 Rd7 40. Rf1 Qg5
41. h3 h6 42. Raf2 Nh7 43. Rxf7+ Rxf7 44. Rxf7+ Kg8 45. Rf1 Nf6 46. Qf3 Kg7 47.
Qxf6+ Qxf6 48. Ne8+ 1-0

[Event "15th LCC Super Rapid 2025"]
[Site "London ENG"]
[Date "2025.12.06"]
[Round "1.63"]
[White "Zhang, Junyi"]
[Black "Witte, Phoebe"]
[Result "1-0"]
[WhiteElo "2118"]
[BlackElo "1581"]
[WhiteFideId "494437"]
[BlackFideId "1090500"]
[EventDate "2025.12.06"]

1. e4 e6 2. d4 d5 3. e5 c5 4. c3 Nc6 5. Nf3 Qb6 6. a3 cxd4 7. cxd4 Bd7 8. Nc3 a6
9. b4 Nge7 10. Bb2 Nf5 11. Na4 Qd8 12. Bd3 Be7 13. Rc1 Rc8 14. Nc5 Bxc5 15. dxc5
O-O 16. O-O Nce7 17. Re1 Ng6 18. g3 h5 19. h4 Bc6 20. Nd4 Nfxh4 21. gxh4 Qxh4
22. Qf3 Nf4 23. Bf1 Qg5+ 24. Qg3 Qxg3+ 25. fxg3 Ng6 26. Nxc6 Rxc6 27. Bd3 Rfc8
28. Bd4 Ne7 29. Kg2 Nf5 30. Bxf5 exf5 31. Kf3 g6 32. Kf4 b6 33. a4 bxc5 34. bxc5
Rb8 35. Rb1 Rbc8 36. Rb7 R8c7 37. Reb1 Kf8 38. Rxc7 Rxc7 39. Rb6 Ra7 40. c6 Rc7
41. Bc5+ Kg8 42. Bd6 Rc8 43. Rb8 Rxb8 44. Bxb8 Kf8 45. c7 1-0

[Event "15th LCC Super Rapid 2025"]
[Site "London ENG"]
[Date "2025.12.06"]
[Round "1.64"]
[White "Degrassi, Alice"]
[Black "Dishman, Stephen"]
[Result "0-1"]
[BlackTitle "FM"]
[WhiteElo "1732"]
[BlackElo "2239"]
[WhiteFideId "343437877"]
[BlackFideId "403024"]
[EventDate "2025.12.06"]

1. d4 d5 2. Nf3 Nf6 3. g3 c6 4. c4 Bg4 5. Bg2 e6 6. O-O Nbd7 7. Bg5 Be7 8. cxd5
exd5 9. Nc3 h6 10. Bxf6 Nxf6 11. Ne5 Be6 12. Qb3 Qb6 13. e3 O-O 14. Qxb6 axb6
15. b3 Ba3 16. Rab1 Bb4 17. Na4 b5 18. Nc5 Bxc5 19. dxc5 Rxa2 20. Rfd1 Rfa8 21.
h3 Bf5 22. Nd3 Ne4 23. Bxe4 Bxe4 24. Rbc1 Kf8 25. Ne1 Ke7 26. Rd4 Ra1 27. Rdd1
Rxc1 28. Rxc1 Ra3 29. f3 Bg6 30. Kf2 Rxb3 31. g4 Rb2+ 32. Kg3 Ra2 33. Ng2 b4 34.
Nf4 Bh7 35. e4 dxe4 36. fxe4 Ra3+ 37. Kf2 Bxe4 38. Ne2 Rf3+ 39. Ke1 b3 40. Nd4
b2 41. Rd1 Rxh3 0-1

[Event "15th LCC Super Rapid 2025"]
[Site "London ENG"]
[Date "2025.12.06"]
[Round "1.65"]
[White "Noy, Eyal"]
[Black "Puig-Souto, Luca"]
[Result "1-0"]
[WhiteTitle "FM"]
[WhiteElo "2275"]
[BlackElo "1719"]
[WhiteFideId "2821117"]
[BlackFideId "343448429"]
[EventDate "2025.12.06"]

1. d4 d5 2. c4 dxc4 3. e4 e5 4. Nf3 exd4 5. Bxc4 Nc6 6. O-O Be7 7. Qb3 Na5 8.
Qa4+ c6 9. Be2 b5 10. Qxd4 Nf6 11. Qe3 O-O 12. b3 Bb7 13. Bb2 Qb6 14. Qf4 c5 15.
Nbd2 Bd6 16. e5 Nd5 17. Qg4 Bc7 18. Ne4 Bc8 19. Qg3 Qg6 20. Qxg6 hxg6 21. Bxb5
a6 22. Bc4 Nb6 23. Rac1 Naxc4 24. bxc4 Na4 25. Ba3 Bb6 26. Rfd1 Bb7 27. Nd6 Bxf3
28. gxf3 Rfe8 29. Nxe8 Rxe8 30. Rd5 Bc7 31. f4 g5 32. fxg5 Bxe5 33. Bxc5 Nxc5
34. Rxc5 Bd4 35. Rd5 1-0

[Event "15th LCC Super Rapid 2025"]
[Site "London ENG"]
[Date "2025.12.06"]
[Round "1.66"]
[White "Breton, Martin"]
[Black "Mirzoeva, Elmira"]
[Result "0-1"]
[BlackTitle "WGM"]
[WhiteElo "1772"]
[BlackElo "2298"]
[WhiteFideId "343428916"]
[BlackFideId "4127951"]
[EventDate "2025.12.06"]

1. d4 d6 2. Nf3 Nf6 3. c4 Nbd7 4. Nc3 e5 5. e3 g6 6. Be2 Bg7 7. dxe5 dxe5 8. e4
O-O 9. O-O c6 10. h3 Qc7 11. Be3 Rd8 12. Qc2 Nf8 13. Rfd1 N6d7 14. Rd2 Ne6 15.
Rad1 b6 16. b4 Ndf8 17. b5 Bb7 18. bxc6 Bxc6 19. Nd5 Qb7 20. Qb3 Rac8 21. Qa3
Kh8 22. Ne1 Nd4 23. Bxd4 exd4 24. Nc2 Ne6 25. Ne7 Bf8 26. Nxc6 Bxa3 27. Nxd8
Rxd8 28. Nxa3 Qxe4 29. Bf3 Qf4 30. Bd5 Kg7 31. Nc2 Re8 32. g3 Qf5 33. Kg2 Ng5
34. g4 Qf6 35. Nxd4 Ne4 36. Re2 Nc3 37. Rxe8 Nxd1 38. Nf3 Nc3 39. g5 Qd6 40. Be4
Nxa2 41. h4 Nc3 42. Bc2 Qf4 43. Re3 Qg4+ 44. Kh2 Qxc4 45. Ne5 Qxh4+ 46. Kg2
Qxg5+ 47. Kf1 Nd5 48. Re2 Qc1+ 0-1

[Event "15th LCC Super Rapid 2025"]
[Site "London ENG"]
[Date "2025.12.06"]
[Round "1.67"]
[White "Stoyanov, Viktor"]
[Black "Fairhurst, Frederick"]
[Result "1-0"]
[WhiteTitle "FM"]
[WhiteElo "2239"]
[BlackElo "1798"]
[WhiteFideId "450308"]
[BlackFideId "343425682"]
[EventDate "2025.12.06"]

1. d4 d5 2. c4 e5 3. dxe5 d4 4. Nf3 Nc6 5. Nbd2 Bg4 6. h3 Bh5 7. a3 Qe7 8. g4
Bg6 9. Bg2 O-O-O 10. Qa4 f6 11. exf6 Nxf6 12. O-O h5 13. Nh4 Nxg4 14. Nxg6 Qd6
15. hxg4 Qxg6 16. g5 Qxg5 17. Qb5 Qh4 18. Qf5+ Kb8 19. Bxc6 bxc6 20. Nf3 Qg4+
21. Qxg4 hxg4 22. Ne5 Re8 23. Nxc6+ Kb7 24. Nxd4 Re5 25. Bf4 Reh5 26. Kg2 g5 27.
Be5 R8h7 28. Rh1 Rh3 29. Rxh3 gxh3+ 30. Kf3 Rh4 31. e3 c5 32. Ne6 Be7 33. Bg3
Rxc4 34. e4 Bf6 35. e5 Be7 36. Rd1 Kc6 37. Ke3 Rc2 38. Rd2 Rc1 39. Kf3 Rc4 40.
Ng7 g4+ 41. Ke2 Bg5 42. Rd6+ Kb5 43. Kd3 Rc1 44. Ne6 Be7 45. Nc7+ Ka4 46. Ra6+
Kb3 47. Rxa7 c4+ 48. Ke4 Bc5 49. Rb7+ Kc2 50. Ne6 Bxf2 51. Bxf2 h2 52. Nd4+ Kb1
53. Rh7 h1=Q+ 54. Rxh1 Rxh1 55. e6 Kxb2 56. Nf5 Rh7 57. a4 c3 58. Bd4 Kb3 59. e7
Rxe7+ 60. Nxe7 c2 61. Be3 Kxa4 62. Nf5 Kb3 63. Bc1 Ka2 64. Kd3 Kb1 65. Kd2 Ka2
66. Kxc2 Ka1 67. Ng3 Ka2 68. Ne2 g3 69. Nxg3 Ka1 70. Ne2 Ka2 71. Nc3+ Ka1 72.
Bb2# 1-0

[Event "15th LCC Super Rapid 2025"]
[Site "London ENG"]
[Date "2025.12.06"]
[Round "2.1"]
[White "Yu, Rock"]
[Black "Firouzja, Alireza"]
[Result "0-1"]
[BlackTitle "GM"]
[WhiteElo "2055"]
[BlackElo "2762"]
[WhiteFideId "489000"]
[BlackFideId "12573981"]
[EventDate "2025.12.06"]

1. e4 c5 2. a4 g6 3. Nc3 Bg7 4. Nge2 Nc6 5. g3 d6 6. Bg2 e6 7. O-O Nge7 8. d3 a6
9. Be3 Nd4 10. Qd2 O-O 11. Bh6 Bxh6 12. Qxh6 Nxc2 13. Rac1 Nd4 14. Nxd4 cxd4 15.
Ne2 e5 16. h4 Kh8 17. Qd2 Be6 18. h5 gxh5 19. Qh6 Ng8 20. Qxh5 Nf6 21. Qh1 Rg8
22. f3 Rg6 23. Kf2 Qa5 24. Rfd1 Rag8 25. Qe1 Qxa4 26. Qd2 d5 0-1

[Event "15th LCC Super Rapid 2025"]
[Site "London ENG"]
[Date "2025.12.06"]
[Round "2.2"]
[White "Abdusattorov, Nodirbek"]
[Black "Larchikov, Maksym"]
[Result "1-0"]
[WhiteTitle "GM"]
[WhiteElo "2750"]
[BlackElo "2149"]
[WhiteFideId "14204118"]
[BlackFideId "34120815"]
[EventDate "2025.12.06"]

1. e4 c6 2. Nf3 d5 3. d3 dxe4 4. dxe4 Qxd1+ 5. Kxd1 Bg4 6. Be2 Nd7 7. Nfd2 Bxe2+
8. Kxe2 g6 9. a4 Bg7 10. Nc4 Ngf6 11. f3 Nb6 12. Ne3 O-O 13. Nd2 Rfd8 14. Nb3
Ne8 15. a5 Nd7 16. Rd1 Nc7 17. c3 Ne6 18. Nc4 Ne5 19. Rxd8+ Rxd8 20. Nxe5 Bxe5
21. g3 a6 22. Be3 Rd7 23. f4 Bd6 24. Rd1 Rd8 25. Bb6 Rc8 26. e5 Bc7 27. Rd7 Kf8
28. Bxc7 Ke8 29. Rd1 Rxc7 30. Ke3 f6 31. g4 fxe5 32. f5 gxf5 33. gxf5 Nf8 34.
Nc5 e6 35. f6 Kf7 36. Ke4 Ng6 37. Rd7+ Rxd7 38. Nxd7 h5 39. b4 Nh4 40. Nc5 Kxf6
41. Nxb7 Ke7 42. Nc5 Kd6 43. Nxa6 Ng6 44. Nc5 Ne7 45. c4 Nc8 46. Kd3 Na7 47.
Ne4+ Ke7 48. h4 Nc8 49. b5 cxb5 50. cxb5 Kd7 51. Kc4 Kc7 52. Kc5 Ne7 53. Nd6 Nf5
54. b6+ Kb8 55. a6 Nxd6 56. Kxd6 e4 57. a7+ Kb7 58. a8=Q+ 1-0

[Event "15th LCC Super Rapid 2025"]
[Site "London ENG"]
[Date "2025.12.06"]
[Round "2.3"]
[White "Lau, Lut Yin Luke"]
[Black "Dominguez Perez, Leinier"]
[Result "0-1"]
[WhiteTitle "CM"]
[BlackTitle "GM"]
[WhiteElo "2243"]
[BlackElo "2738"]
[WhiteFideId "6002226"]
[BlackFideId "3503240"]
[EventDate "2025.12.06"]

1. e4 c5 2. c3 Nf6 3. e5 Nd5 4. Nf3 d6 5. Bb5+ Bd7 6. Bc4 e6 7. O-O dxe5 8. Nxe5
Nc6 9. d4 Nxe5 10. dxe5 Bc6 11. Re1 h5 12. Bf1 Be7 13. Na3 a6 14. Nc4 b5 15.
Nd6+ Bxd6 16. exd6 Qxd6 17. a4 Qd8 18. axb5 axb5 19. Rxa8 Qxa8 20. c4 bxc4 21.
Bxc4 Qd8 22. Qf3 h4 23. b3 h3 24. Bb2 Qg5 25. g3 O-O 26. Bc1 Qg6 27. Ba3 Nb4 28.
Qe2 Rd8 29. Bxb4 cxb4 30. Rd1 Rxd1+ 31. Qxd1 Qg5 32. Qe1 Qf5 33. Qd2 Qb1+ 34.
Bf1 Bd5 35. Qxb4 Bg2 36. Qc4 g6 37. b4 Bd5 38. Qc8+ Kh7 39. Qc7 Kg8 40. Qc8+ Kh7
41. Qc7 Kg7 42. Qc3+ Kh7 43. Qf6 e5 44. Qh4+ Kg7 45. Qxh3 Qxb4 46. Qd7 Qe4 47.
f3 Qe3+ 0-1

[Event "15th LCC Super Rapid 2025"]
[Site "London ENG"]
[Date "2025.12.06"]
[Round "2.4"]
[White "McShane, Luke J"]
[Black "Finn, Peter"]
[Result "1-0"]
[WhiteTitle "GM"]
[BlackTitle "CM"]
[WhiteElo "2615"]
[BlackElo "2200"]
[WhiteFideId "404853"]
[BlackFideId "432156"]
[EventDate "2025.12.06"]

1. e4 c5 2. Nf3 Nc6 3. Bb5 g6 4. Bxc6 dxc6 5. d3 Bg7 6. O-O Qc7 7. Re1 h6 8. Nc3
e5 9. a3 Nf6 10. b4 O-O 11. bxc5 Qa5 12. Bd2 Qxc5 13. Na4 Qb5 14. c4 Qa6 15.
Nxe5 b5 16. Nc5 Qb6 17. d4 Rd8 18. Bc3 Ng4 19. Nxg4 Qxc5 20. Nxh6+ Kh7 21. dxc5
Rxd1 22. Rexd1 Bxc3 23. Rac1 Bb2 24. Rc2 Bxa3 25. Nxf7 b4 26. Ra2 Kg7 27. Nd6
Be6 28. f4 a5 29. Rda1 Rb8 30. h4 Kf6 31. g3 Bg4 32. Kf2 Ke6 33. Ke3 a4 34. Kd4
Bf3 35. Rxa3 bxa3 36. Rxa3 Bd1 37. Ra1 Bc2 38. Kc3 Bb3 39. g4 Rh8 40. Rh1 Rf8
41. f5+ Ke5 42. fxg6 Rf3+ 43. Kb4 Kf6 44. h5 Bc2 45. g5+ Kg7 46. h6+ Kxg6 47. h7
Rb3+ 48. Ka5 Rb8 49. h8=Q Rxh8 50. Rxh8 a3 51. Kb4 1-0

[Event "15th LCC Super Rapid 2025"]
[Site "London ENG"]
[Date "2025.12.06"]
[Round "2.5"]
[White "Quilter, Thomas A"]
[Black "Shankland, Sam"]
[Result "0-1"]
[WhiteTitle "CM"]
[BlackTitle "GM"]
[WhiteElo "2162"]
[BlackElo "2649"]
[WhiteFideId "408530"]
[BlackFideId "2004887"]
[EventDate "2025.12.06"]

1. e4 c5 2. a3 Nf6 3. e5 Nd5 4. Bc4 e6 5. Nc3 Ne7 6. Ne4 Ng6 7. d4 cxd4 8. f4
Nc6 9. Nf3 d5 10. exd6 Bxd6 11. Nxd6+ Qxd6 12. O-O O-O 13. Ng5 h6 14. Ne4 Qc7
15. Bd3 f5 16. Ng3 Nce7 17. c3 dxc3 18. bxc3 Nd5 19. Nh5 b5 20. a4 Qxc3 21. Rb1
b4 22. Kh1 Qc6 23. Bb5 Qc5 24. Bb2 Bb7 25. Bd4 Qc7 26. Nxg7 Ndxf4 27. Rc1 Bxg2+
28. Kg1 Bd5 29. Rf3 Bxf3 30. Qf1 Nh3+ 31. Qxh3 Qxc1+ 32. Bf1 Be2 33. Nxe6 Qxf1+
34. Qxf1 Bxf1 35. Kxf1 Rfc8 36. h4 Kf7 37. Nc5 Nf4 38. Nb7 Ke6 39. a5 Kd5 40.
Be3 b3 0-1

[Event "15th LCC Super Rapid 2025"]
[Site "London ENG"]
[Date "2025.12.06"]
[Round "2.6"]
[White "Adams, Michael"]
[Black "Onslow, Alfie"]
[Result "1-0"]
[WhiteTitle "GM"]
[WhiteElo "2635"]
[BlackElo "2163"]
[WhiteFideId "400041"]
[BlackFideId "436976"]
[EventDate "2025.12.06"]

1. e4 c6 2. d4 d5 3. e5 Bf5 4. Bd3 Bxd3 5. Qxd3 e6 6. Ne2 Qa5+ 7. c3 Qa6 8. Qd1
c5 9. O-O Nd7 10. Be3 Ne7 11. Ng3 Rc8 12. Nd2 g6 13. Nf3 Bg7 14. h4 h5 15. Ng5
c4 16. Qf3 Nf5 17. Nxf5 gxf5 18. Nh3 f6 19. exf6 Nxf6 20. Rfe1 Kd7 21. Nf4 Rce8
22. Ng6 Rhg8 23. Bg5 Ne4 24. Qxh5 Nxg5 25. Qxg5 Qd6 26. h5 Kc8 27. Re2 a5 28.
Rae1 b5 29. g3 Kb7 30. Kg2 Bf8 31. Qf6 Bg7 32. Qf7+ Qc7 33. Qxc7+ Kxc7 34. Rxe6
Rxe6 35. Rxe6 Bh6 36. Ne7 Rh8 37. Nxd5+ Kd7 38. Rb6 Bc1 39. Rxb5 Kc6 40. Rc5+
Kd6 41. Nb6 Rxh5 42. Nxc4+ Ke6 43. Rxa5 Rh8 44. Re5+ Kf6 45. Re1 Bg5 46. a4 Rc8
47. Nb6 Rc6 48. a5 1-0

[Event "15th LCC Super Rapid 2025"]
[Site "London ENG"]
[Date "2025.12.06"]
[Round "2.7"]
[White "Hng, Mei-En Emmanuelle"]
[Black "Maroroa Jones, Gawain C B"]
[Result "0-1"]
[WhiteTitle "WFM"]
[BlackTitle "GM"]
[WhiteElo "2125"]
[BlackElo "2655"]
[WhiteFideId "5804566"]
[BlackFideId "409561"]
[EventDate "2025.12.06"]

1. e4 e5 2. d4 exd4 3. c3 Qe7 4. cxd4 Qxe4+ 5. Be3 Nf6 6. Nc3 Bb4 7. Nf3 d6 8.
Bd3 Bxc3+ 9. bxc3 Qg4 10. O-O O-O 11. h3 Qh5 12. c4 Nc6 13. Rb1 a6 14. Bg5 Nxd4
15. Bxf6 Nxf3+ 16. Qxf3 Qxf3 17. gxf3 gxf6 18. Rfe1 b5 19. Re7 bxc4 20. Bxc4 c6
21. Kh2 d5 22. Rg1+ Kh8 23. Bd3 c5 24. Rc7 c4 25. Bc2 Rb8 26. Rb1 Rxb1 27. Bxb1
Be6 28. f4 Rb8 29. Bc2 Rb2 30. Bd1 Rxa2 31. Kg3 Ra3+ 32. f3 f5 33. h4 d4 34. h5
Kg7 35. Kh4 d3 36. Kg5 h6+ 0-1

[Event "15th LCC Super Rapid 2025"]
[Site "London ENG"]
[Date "2025.12.06"]
[Round "2.8"]
[White "Vitiugov, Nikita"]
[Black "Eames, Robert S"]
[Result "1-0"]
[WhiteTitle "GM"]
[BlackTitle "FM"]
[WhiteElo "2657"]
[BlackElo "2110"]
[WhiteFideId "4152956"]
[BlackFideId "408743"]
[EventDate "2025.12.06"]

1. e4 c5 2. Nf3 Nc6 3. Bc4 g6 4. O-O Bg7 5. c3 e6 6. Re1 Nge7 7. d4 cxd4 8. cxd4
d5 9. Bb3 dxe4 10. Rxe4 O-O 11. Nc3 Na5 12. Bg5 Nxb3 13. Qxb3 b6 14. Rd1 h6 15.
Bxe7 Qxe7 16. d5 Qf6 17. Ne5 Rd8 18. Re3 Bb7 19. dxe6 Qxe6 20. Qxe6 fxe6 21.
Rde1 Kh7 22. h4 Rac8 23. Nf3 Bxc3 24. bxc3 Bd5 25. Nd4 Rc4 26. Nxe6 Rdc8 27. Nd4
Rxc3 28. Re7+ Kg8 29. R1e5 Bf7 30. Rxa7 Rc1+ 31. Kh2 R1c4 32. Ree7 Bd5 33. Ne6
Bxe6 34. Rxe6 Rxh4+ 35. Kg3 g5 36. Rxb6 Rc3+ 37. f3 Rc8 38. Rbb7 Rh1 39. Rg7+
Kf8 40. Rh7 Kg8 41. Rag7+ Kf8 42. Rxg5 1-0

[Event "15th LCC Super Rapid 2025"]
[Site "London ENG"]
[Date "2025.12.06"]
[Round "2.9"]
[White "Keerthi Kumar, Advait"]
[Black "Mishra, Abhimanyu"]
[Result "0-1"]
[BlackTitle "GM"]
[WhiteElo "1968"]
[BlackElo "2642"]
[WhiteFideId "498033"]
[BlackFideId "30920019"]
[EventDate "2025.12.06"]

1. e4 c5 2. Nf3 d6 3. d4 cxd4 4. Nxd4 Nf6 5. Nc3 a6 6. Bc4 e6 7. Bb3 b5 8. a3
Be7 9. Be3 O-O 10. O-O Bb7 11. f3 Nbd7 12. Qd2 Ne5 13. a4 b4 14. Nce2 d5 15. Bf4
Ng6 16. e5 Nd7 17. Qe3 Qc7 18. Rfe1 Ndxe5 19. Bg3 Bd6 20. Nc1 Nc4 21. Bxc4 Bxg3
22. hxg3 dxc4 23. Nce2 Rad8 24. c3 e5 25. Nf5 Rd3 26. Qg5 Qc5+ 27. Kh1 Qf2 28.
Ng1 bxc3 29. bxc3 Rxc3 30. Rab1 Bc8 31. Re2 Qc5 32. f4 h6 33. Qh5 Bxf5 34. Qxf5
Rxg3 35. fxe5 Rg5 36. Qd7 Nxe5 37. Qb7 Nd3 38. Nh3 Re5 39. Rc2 Rfe8 40. Qxa6
Re1+ 41. Rxe1 Rxe1+ 42. Kh2 Qe5+ 43. g3 Qe4 44. Rg2 Ne5 45. Nf2 Nf3+ 46. Kh3
Ng5+ 47. Kh2 Qf5 48. Qa8+ Kh7 0-1

[Event "15th LCC Super Rapid 2025"]
[Site "London ENG"]
[Date "2025.12.06"]
[Round "2.10"]
[White "Eljanov, Pavel"]
[Black "Batchelor, Mark"]
[Result "1-0"]
[WhiteTitle "GM"]
[WhiteElo "2656"]
[BlackElo "1814"]
[WhiteFideId "14102951"]
[BlackFideId "343452213"]
[EventDate "2025.12.06"]

1. d4 d5 2. Nf3 Nf6 3. Bf4 Bf5 4. e3 e6 5. Bd3 Be7 6. Bxf5 exf5 7. Qd3 Qc8 8.
O-O O-O 9. b3 Nbd7 10. Qxf5 c6 11. c4 Re8 12. Nc3 Bb4 13. Rac1 a5 14. Qc2 Bxc3
15. Qxc3 a4 16. h3 Nf8 17. Qb4 a3 18. Rc2 Ng6 19. Be5 dxc4 20. Bxf6 cxb3 21.
axb3 gxf6 22. Ra1 f5 23. Rxa3 Rxa3 24. Qxa3 f4 25. Re2 Qf5 26. e4 Qb5 27. Re1
Qd3 28. e5 Ne7 29. e6 f6 30. Qd6 Nd5 31. e7 Kf7 32. Qe6+ Kg7 33. Qg4+ Kf7 34.
Qe6+ Kg7 35. Nh4 Rxe7 36. Nf5+ Qxf5 37. Qxf5 Rxe1+ 38. Kh2 Re7 39. h4 Kf8 40. b4
b5 41. Qc8+ Kf7 42. Qxc6 Nc7 43. d5 Ne8 44. d6 Nxd6 45. Qxd6 Re5 46. Qd7+ Kg6
47. Qg4+ Kf7 48. Qxf4 h5 49. f3 Kg6 50. g4 hxg4 51. fxg4 Re2+ 52. Kg3 Rb2 53.
h5+ Kg7 54. g5 1-0